000 00330pab a2200145 454500
008 180718b1983 xxu||||| |||| 00| 0 eng d
100 _aSahay, S.
245 _aKarnataka shows the way
260 _c1983
300 _a6
362 _a17 Mar.
650 _aOmbudsman - India - Karnataka
773 _aStatesman
909 _a14408
999 _c14408
_d14408